000
00260nam a22001097a 4500
008
170110b xxu||||| |||| 00| 0 eng d
020
_a
9780781732796
041
_a
eng
080
_a
618.2
245
_a
PATIENT-CENTERED INTERVIEWING
_c
SMITH, R.C
942
_2
udc
_c
BK
999
_c
2656
_d
2656